Quizzes
Events
Quiz Creation
Community
Videos
Private Events
Remove Ads
Sign In
Join for FREE
Feedback
Dark Mode
Quiz Categories
Sports
Geography
Music
Movies
Television
Just For Fun
Miscellaneous
History
Literature
Language
Science
Gaming
Entertainment
Religion
Holiday
For Kids
Quiz Lab
Recent
Popular Today
Quiz Kudos Today
Editor Picks
Curator Picks
Quizzes by...
Day
Popularity
Type
Ratings
Length
Year
Community
Subscriptions
Recent Discussions
Orange Saloon
Badges
Playlists
Quests
Create
Leaderboards
Showdown
Live 5
Trivia Bingo
Activity
Puzzle Library
Sporcle Events
Private Events
Virtual Trivia
Globe League
Become a Host
Pub Owners
SporcleCon
Opinionation
Our Games
Videos
Blog
Mobile Apps
Partnerships
Remove Ads and Go Orange
Feedback
Entertainment
Celebrity
Famous
Musical
Broadway
Show
Quote
Comic Books
Anime
Superhero
DC Comics
Marvel
Cartoons
Animation
Entertainment
Celebrity
Famous
Musical
Broadway
Show
Quote
Comic Books
Anime
Superhero
DC Comics
Marvel
Cartoons
Animation
Random Quiz
Search Sporcle
×
Quiz Lab
Quiz Lab
Entertainment
Whistle
Type in answers that appear in a list
Type in answers that appear in a list
Classic
Best Score? Go Orange.
Try not to whistle 2 minutes into this Stats
Can you name the Walk Like an Egyptian Lyrics?
By
jtreff
5m
215 Questions
239 Plays
239 Plays
239 Plays
Comments
Comments
Give Quiz Kudos
Give Quiz Kudos
-
- Ratings
hide this ad
More Info
Replay
Link that replays current quiz
Next Quiz
Link to next quiz in quiz playlist
You Got
0%
They Got
Avg Score
68%
Avg Friend Score
Upgrade to see
Score Distribution
Jump to the score distribution portion of the page
Score
0/215
Timer
05:00
0
Plays Today
lyrics
% Correct
a
96.7%
a
96.7%
a
96.7%
a
96.7%
the
95%
the
95%
the
95%
like
95%
the
95%
the
95%
the
95%
the
95%
like
95%
the
95%
the
95%
the
95%
like
95%
the
95%
the
95%
the
95%
like
95%
the
95%
the
95%
like
95%
the
95%
the
95%
the
95%
the
95%
the
95%
the
95%
The
95%
the
95%
the
95%
the
95%
like
95%
the
95%
the
95%
like
95%
like
95%
an
94.1%
an
94.1%
an
94.1%
an
94.1%
an
94.1%
Walk
93.3%
Egyptian
93.3%
egyptian
93.3%
Walk
93.3%
egyptian
93.3%
walk
93.3%
Egyptian
93.3%
walk
93.3%
egyptian
93.3%
walk
93.3%
egyptian
93.3%
do
90.8%
All
88.3%
All
88.3%
All
88.3%
All
88.3%
all
88.3%
All
88.3%
All
88.3%
you
87.9%
You
87.9%
you
87.9%
you
87.9%
you
87.9%
you
87.9%
They
87%
they
87%
They
87%
lyrics
% Correct
They
87%
they
87%
they
87%
they
87%
they
87%
They
87%
they
87%
in
86.2%
in
86.2%
in
86.2%
dance
82%
dance (oh whey oh)
82%
and
80.3%
and
80.3%
and
80.3%
And
80.3%
to
78.7%
don't
77.4%
on
77%
on
77%
on
77%
on
77%
know
76.6%
know (oh whey oh)
76.6%
know (oh whey oh)
76.6%
cops
71.1%
cops
71.1%
If
70.3%
If
70.3%
donut
69.9%
say (Ay oh whey oh, Ay oh wheyyy oh)
69.5%
say (Ay oh whey oh, Ay oh whey ohhh)
69.5%
their
69%
their
69%
shop
69%
their
69%
shop
69%
your
68.2%
your
68.2%
your
68.2%
your
68.2%
your
68.2%
say (ay oh why oh, ay ohhhh wayy oh)
68.2%
kids
67.8%
kids
67.8%
They're
66.9%
They're
66.9%
they're
66.9%
too
63.6%
of
63.2%
donut
62.8%
old
62.3%
down
62.3%
down
62.3%
sand
61.5%
move
61.5%
so
61.5%
So
61.5%
sing
60.7%
tombs
59%
with
59%
with
59%
When
57.7%
quick (oh whey oh)
56.9%
domino
56.9%
then
56.9%
school
56.9%
then
56.9%
paintings
56.5%
out
56.1%
sick
55.2%
walking
54.4%
lyrics
% Correct
books
54%
crocodiles (oh whey oh)
52.7%
falling
52.3%
hanging
52.3%
got
51%
got
51%
waitresses
50.6%
around
50.6%
drink
50.6%
more
50.6%
punk
50.2%
band
50.2%
marketplace
50.2%
boys
50.2%
cigarette
49.8%
metal
49.8%
bring
48.5%
men
47.7%
it
47.7%
Chinese
47.7%
spin
47.3%
rings (oh whey oh)
47.3%
Spin
47.3%
drop
46.9%
Japanese
46.9%
Nile
46.4%
find
46.4%
party
46%
floor
45.6%
buzzer
45.6%
teeth
45.2%
back
45.2%
back
45.2%
want
45.2%
take
44.8%
yen
44.8%
snap
43.9%
hookah
43.9%
trays
43.1%
moves (oh whey oh)
42.3%
call
42.3%
by
41.8%
money
41.8%
pipes
41.8%
is
41.8%
Kremlin
41.8%
Blonde
41%
cross
39.3%
bet
35.6%
pull
34.7%
Foreign
33.9%
They've
33.9%
cadillac
33.9%
types
33.5%
street
33.5%
bend
32.2%
block
32.2%
feet
31.8%
hard
31.4%
pose
31.4%
Life
31%
strike
31%
up
30.1%
line
30.1%
bazaar
29.3%
arm
28.9%
Gold
28.5%
shift
28%
Slide
24.3%
cruise
22.6%
clubs
11.3%
Quiz Playlist
Details
Report
Send in Message
Add To Playlist
More Info:
You've got 1 extra minute because it goes fast! Hit play the source link, then 5 secs later hit start. Suggestions and corrections are welcome.
Classic:
Type in answers that appear in a list
Quiz Source
Last Updated: Feb 20, 2017
Quiz Scoreboard
CHALLENGE
Sign Up to Join the Scoreboard
Show All
Scores
Hide
Comments
May contain spoilers
Recently Published
Popular People in 1961
by mucciniale
History
6m
1-10 Letter E Words III
by El_Dandy
Language
2m
One Thing in Common: World Cities II
by knightlancer
Geography
7m
More to Explore
Quiz From the Vault
Featured Blog Post
Where Did the Easter Bunny Come From?
hide this ad
You Might Also Like...
Tags
Egyptian
minute
Try
Walk
Whistle
Today's Top Quizzes in Entertainment
Browse Entertainment
hide this ad
Top Contributed Quizzes in Entertainment
1
Kamen Rider Motifs
2
Dragon Ball Z: Mega Character Search
3
Undead Unluck Minefield
4
Dragon Ball Z: Goku's Fights in Order
5
Survivor Winners Logic Quiz
6
Who Wants to Be a Millionaire: Anime Edition
7
10-to-1 Anime Arc Sorting Gallery
8
Criteria Quickie: Cartoon Taxonomy II
9
Ana Gasteyer or Kathryn Hahn?
10
One Piece 11-1
Explore More
Trending Topics
Disney
Marvel
NBA
Crossword
Harry Potter
Kpop
Anime
NFL
Pokémon
Song
Puzzle
Soccer
WWE
Country
The Office
hide this ad
More By:
jtreff
Quiz
Plays
Rating
Category
Featured
Created
Pitch Perfect- Next Line, clickable
4,576
3.33
Movies
Nov 14, 2013
ESPN analysts by TDs
3,215
3.60
Sports
Nov 4, 2010
Ways to end an MMA match
2,171
1.50
Sports
May 18, 2010
The Princess Bride
1,736
3.80
Movies
Jun 28, 2010
1990's Movie Descriptions in 3 words
1,377
3.40
Movies
Mar 18, 2010
Go to Creator's Profile
Score Distribution
Quiz Creator Spotlight
jtreff
Follow
Send a Message
Quizzes Created
-
Created Quiz Play Count
-
More By This Creator
Popular Quizzes Today
1
Find the US States - No Outlines Minefield
2
The Countries of the World
3
Popular People in 1961
4
Find the Countries of Europe - No Outlines Minefield
5
1-10 Letter E Words III
6
Find the US States
7
One Thing in Common: World Cities II
8
US States
More Entertainment Quizzes
Short-Haired Ladies
Published
Trending Quizzes
1-10 Letter F Words
One Thing in Common: Music
1-10 Letter G Words
Risky Map Clicking: Next State Alphabetically
1-10 Letter F Words II
Recently Updated
Leaping Animals
pecheneg
Reality TV Shows (A-Z)
bhenderson79
Rickey Henderson's Hall of Fame Teammates
pecheneg
Champions League XIs: Arsenal
pecheneg
Quick Pick: Celebrities in WWE's Hall of Fame
aduchscher
A-Z Keypad Blitz II
pecheneg
Multiple Oscar Actors
pecheneg
Mystery Phrase Blitz: Oscar 'Best Actors'
pecheneg
F. Scott Fitzgerald Novels
LTH
Pick 3 Villains
ddd62291
Trending Topics
Disney
Kpop
NBA
Harry Potter
Marvel
Crossword
Anime
The Office
Country
NFL
Soccer
Puzzle
Pokémon
WWE
Song
Your Account Isn't Verified!
In order to create a playlist on Sporcle, you need to verify the email address you used during registration. Go to your
Sporcle Settings
to finish the process.
Report this User
Report this user for behavior that violates our
Community Guidelines
.
Details:
Send Report
Go to the Sporcle.com Mobile Site →
Comments